000 00325nam a2200133Ia 4500
005 20251222143135.0
008 251222s9999||||xx |||||||||||||| ||spa||
020 _a84-226-0669-0
082 _a818.5/S59E
100 _aSlaughter, Frank Gill
245 0 _aEsposas de Médicos
264 _bCírculo de lectores
942 _cLIB
999 _c12084
_d12084